00754nam a2200217Ii 45000010005000000030009000050080041000140400033000550410008000880820012000961000020001082450042001282640068001703000012002383360026002503370028002763380027003049400050003319990017003819520138003985518CO-ViMGA241108s9999||||xx |||||||||||||| ||und|| aCO-ViMGAbspaerdacCO-ViMGA0 aunk04a823-K571 aRudyard Kipling10a collar sagrado y Stalky y cía. 1a[Lugar de publicación no identificado] : Ediciones G.P., 1969 avolumen atextbtxt2rdacontent aunmediatedbn2rdamedia avolumebnc2rdacarrier aidficha_siabuc: 5372. -- ficha_no_siabuc:5518 c55140d55140 001040708001aMEVIGERRbMEVIGERRcGENd2006-11-27hVol.1o823-K57pECA4651r2024-11-26 10:42:00tEj.1w2024-11-26yBKz5372 | 7608